00550nam a2200205 a 450000100060000000300090000600800410001502000150005604000280007108200090009910000190010824500310012726000370015830000100019549000280020565000430023365000390027694200120031599900170032719364CO-ViMGA141112s2004 ck r 000 u spa d a8426114210 aCO-ViMGAbspacCO-ViMGA04aHERj1 aHerge, 92782210aLas Joyas de la Catasfiore aBarcelona : bEd. Juventud; 1999 a62 p. aLas Aventuras de Tintin14aCUENTOS INFANTILES DE AVENTURAS92782314aTIRAS COMICAS - HISTORIETAS927824 2ddccBK c28521d28521